000 00510nam a22002177a 4500
003 UA-OsUOA
001 38192
007 ta
008 20060428b un ||||| |||| 00| 0 ukr d
100 _aЯкубова Марія
090 _a82
_bЯ11
942 _cSA
040 _aUA-OsUOA
_bukr
_cUA-OsUOA
_dUA-OsUOA
245 _aБалади
300 _a5 с.
955 _a0
041 _aukr
080 _a82
773 0 _w38190
650 7 _a82 Література. Літературознавство
_2UDC
999 _c324358
_d324358